000 01203nam a22002657i 4500
003 DO-SdBNP
005 20230525144046.0
007 ta
008 230426b2002 dr ||||| |||| 00| 0 spa d
040 _aDO-SdBNP
_bspa
_cBNPHU
_erda
082 _bR426L
_222
100 _97887
_aCela, Jorge
110 _983302
245 _aArticulación y coordinación entre las organizaciones de la sociedad civil en la República Dominicana :
_bPrograma de Fortalecimiento de Organizaciones de la Sociedad Civil. /
_cJorge Cela ; Isabel Pedrazuela
264 _aSanto Domingo :
_bBanco Interamericano de Desarrollo,,
_c2002
300 _a56 paginas ;
_c29 cm
336 _2rdacontent
_atexto
_btxt
337 _2rdamedia
_asin mediación
_bn
338 _2rdacarrier
_avolumen
_bnc
490 _aSociedad Civil.
_vdocumentos de trabajo 2
505 _aInstrumentos y mecanismos de relación de las organizaciones de la sociedad civil dominicana 4|Coordinación 4|Coordinación multisectorial 6|Articulación 10|Articulación multisectorial 24|Propuestas alternativas sobre relación de las organizaciones de la sociedad civil dominicana 32
590 _aInventariado, 2023 / DG
910 _aDG
942 _2ddc
_cLBS1
999 _c53614
_d53614